corporate governance, economic reforms, and development (Record no. 1527)

MARC details
000 -LEADER
fixed length control field 00859 a2200229 4500
010 ## - LIBRARY OF CONGRESS CONTROL NUMBER
LC control number ENG-85159
020 ## - INTERNATIONAL STANDARD BOOK NUMBER
International Standard Book Number 0195684370
Terms of availability 295.00
035 ## - SYSTEM CONTROL NUMBER
System control number EN-68692
037 ## - SOURCE OF ACQUISITION
Source of stock number/acquisition D.B.Act / Pub
082 14 - DEWEY DECIMAL CLASSIFICATION NUMBER
Classification number 658.16
090 ## - LOCALLY ASSIGNED LC-TYPE CALL NUMBER (OCLC); LOCAL CALL NUMBER (OCLC)
-- 1551
-- 1551
245 1# - TITLE STATEMENT
Title corporate governance, economic reforms, and development
Remainder of title issues and institutions
Statement of responsibility, etc edited by Darryl Reed and Sanjoy Mukherjee
260 ## - PUBLICATION, DISTRIBUTION, ETC. (IMPRINT)
Place of publication, distribution, etc New Delhi
Name of publisher, distributor, etc Oxford University Press
Date of publication, distribution, etc 2006
270 ## - ADDRESS
Address YMCA Library Building, Jai Singh Road
City New Delhi
Postal code 110 001
300 ## - PHYSICAL DESCRIPTION
Extent xxv, 270p.
Other physical details 22 cm (Pbk.)
500 ## - GENERAL NOTE
General note Includes index
500 ## - GENERAL NOTE
General note (HB) edition received in D.B.Act. on 27/01/2004 entry no 30260
710 ## - ADDED ENTRY--CORPORATE NAME
Corporate name or jurisdiction name as entry element Reed, Darryl , ed.
710 ## - ADDED ENTRY--CORPORATE NAME
Corporate name or jurisdiction name as entry element Mukherjee, Sanjoy, ed.
942 ## - ADDED ENTRY ELEMENTS (KOHA)
Institution code [OBSOLETE] dpl
Koha item type English Books
Call number prefix 658.16 / COR
Holdings
Withdrawn status Lost status Source of classification or shelving scheme Damaged status Not for loan Collection code Home library Current library Source of acquisition Cost, normal purchase price Total Checkouts Full call number Barcode Date last seen Copy number Uniform Resource Identifier Cost, replacement price Price effective from Koha item type
    Dewey Decimal Classification   Not For Loan Non-fiction D.B.Act.Division D.B.Act.Division DBAD/PUB 295.00   658.16 COR EN- 68692 15/09/2008 1 1604 295.00 15/09/2008 English Books

© Delhi Public Library
Hit Counter
free hit counter